| 000 | 00600nam a2200181Ia 4500 | ||
|---|---|---|---|
| 003 | GCL | ||
| 005 | 20240530103724.0 | ||
| 008 | 140319s9999 xx 000 0 ara d | ||
| 040 |
_aGCL / _cGCL |
||
| 082 | 0 | 4 |
_a953.071 _bم د |
| 100 | 1 | _aمحمد احمد ابوالفضل | |
| 245 | 1 | 0 |
_aدراسات فى تاريخ وحضارة الاندلس / _cمحمد احمد ابوالفضل |
| 260 |
_aالاسكندرية : _bدار المعرفة الجامعية ، _c1996 |
||
| 300 |
_a397 ص؛ _c24 سم |
||
| 650 | 0 | 4 | _aالاندلس |
| 650 | 0 | 4 | _aالتاريخ الاسلامى |
| 942 |
_2ddc _cBK |
||
| 999 |
_c41963 _d41963 |
||